| 000 | 00730nam a2200217 a 4500 | ||
|---|---|---|---|
| 005 | 20230511063535.0 | ||
| 008 | 991125s1987 mx 000 0 spa u | ||
| 035 | _aUPN01000045672 | ||
| 049 | _aCG | ||
| 050 | 4 |
_aF1233.5 D5 _bV3.6 1987 |
|
| 100 | 1 |
_aValadés, José C., _d1901-1976 _928550 |
|
| 245 | 1 | 3 |
_aEl porfirismo : _bhistoria de un régimen / _cJosé C. Valadés. |
| 260 |
_aMéxico : _bPatria, _c1987. |
||
| 300 | _a3 v. | ||
| 440 | 0 |
_aNueva biblioteca mexicana ; _v63-65 |
|
| 505 | 8 |
_aContenido: _gv.1. _tEl crecimiento _gv.2. _tEl crecimiento _gv.3. _tEl crecimiento |
|
| 600 | 1 | 4 |
_aDíaz, Porfirio, _d1830-1915 _911887 |
| 651 | 4 |
_aMéxico _xHistoria _yRevolución, 1910-1917 _9223 |
|
| 905 | _aLibro | ||
| 999 |
_c45672 _d45672 |
||